International code of signals for use of all nations : American edition.

Bibliographic Details
Corporate Author: United States. Hydrographic Office
Format: Government Document eBook
Language:English
Published: [Washington] : GPO, 1905.
Subjects:
Online Access:Connect to the full text of this electronic document

MARC

Tag First Indicator Second Indicator Subfields
LEADER 00000cam a22000001a 4500
001 in00003684875
005 20190408172947.0
006 m o d f
007 cr bn mmmapmmp
008 141210s1905 dcu o f001 0 eng d
035 |a ebd1909507099 
040 |a UMI  |c UMI  |d UtOrBLW 
086 0 |a N 6.8:87/905 
099 |a N608-83.9 
110 1 |a United States.  |b Hydrographic Office.  |0 http://id.loc.gov/authorities/names/n79140986 
245 1 0 |a International code of signals for use of all nations :  |b American edition. 
264 1 |a [Washington] :  |b GPO,  |c 1905. 
300 |a 1 online resource (556+illus. pages) 
336 |a text  |b txt  |2 rdacontent 
337 |a computer  |b c  |2 rdamedia 
338 |a online resource  |b cr  |2 rdacarrier 
500 |a Includes index. 
500 |a Reports include index. 
533 |a Electronic reproduction.  |b [Bethesda, Md.] :  |c ProQuest,  |d 2014.  |e digital, PDF file.  |n ProQuest U.S. Executive Branch Documents  |n Mode of access: World Wide Web via ProQuest website. 
588 |a Record is based on online resource; title from PDF title page (ProQuest, last viewed Dec. 2014). Reuse except for individual research requires license from ProQuest, LLC. 
500 |a Electronic resource. 
650 0 |a Flags.  |0 http://id.loc.gov/authorities/subjects/sh85048969 
650 0 |a Science  |x International cooperation.  |0 http://id.loc.gov/authorities/subjects/sh85118573 
650 0 |a Signals and signaling.  |0 http://id.loc.gov/authorities/subjects/sh85122402 
650 0 |a Weights and measures.  |0 http://id.loc.gov/authorities/subjects/sh85145963 
655 7 |a Electronic books.  |2 local 
856 4 0 |u http://proxy.library.tamu.edu/login?url=http://congressional.proquest.com/congressional/docview/t66.d71.n608-83.9  |z Connect to the full text of this electronic document  |t 0 
999 f f |s aa0915db-94a4-3ff9-8a8f-721a1cc43b98  |i ade5e344-df5c-35bb-a6b5-55eb01b9791c  |t 0 
952 f f |a Texas A&M University  |b College Station  |c Electronic Resources  |d Available Online  |t 0  |h No information provided 
998 f f |t 0  |l Available Online